000 01977nam a22002777a 4500
001 68560
003 UA-OsUOA
005 20230504161309.0
007 ta
008 20100429b un ||||| |||| 00| 0 ukr d
020 _a978-966-8978-31-9
040 _aUA-OsUOA
_bukr
_cUA-OsUOA
_dUA-OsUOA
041 _aukr
080 _a94(477)
090 _a94(477)
_bЯ47
100 _aЯковенко Н.
245 _aНарис історії середньовічної та ранньомодерної України
250 _aвидання четверте
260 _aК.
_bКритика
_c2009
300 _a584 с.
520 3 _aКонцепція «Нарису історії середньовічної та ранньомодерної України» професора Наталі Яковенко, який виходить у світ четвертим виданням, спрямована на переосмислення усталеної схеми української історії, що його й дотепер чинна, хоч і захитана академічна історіографічна традиція успадкувала від народницького «національно-державного» історіописання. Порівняно з першою версією, яка з’явилася 1997 року, дослідниця значно розширила «Нарис» змістово, особливо сюжетами про світ уявлень та ідей ХVІ-ХVІІ століття, що є першочерговою сферою її наукових зацікавлень, та щедро оздобила свою книгу ілюстративним матеріалом.
650 7 _a9 Географія. Біографії. Історія
_2UDC
942 _cBK
_2udc
955 _a2
999 _c354815
_d354815